[Event "Europa MM w"]
[Site "Leon"]
[Date "2001.11.11"]
[Round "6"]
[White "Houska, J."]
[Black "Kachiani, K."]
[Result "0-1"]
[WhiteElo "2384"]
[BlackElo "2455"]
[PlyCount "76"]

1. e4 c6 2. d4 d5 3. e5 Bf5 4. Nf3 e6 5. Be2 Nd7 6. O-O Bg6 7. b3 Nh6 8. c4 Nf5
9. Na3 Bb4 10. Bb2 O-O 11. Nc2 Ba5 12. b4 Bc7 13. c5 f6 14. exf6 Qxf6 15. Qd2
Rae8 16. Ne3 Nxe3 17. fxe3 Bf5 18. b5 Qh6 19. Ne5 Nxe5 20. dxe5 Qg5 21. bxc6
bxc6 22. Bd3 Bxd3 23. Qxd3 Bxe5 24. Bxe5 Qxe5 25. Rab1 Rb8 26. Rxf8+ Rxf8 27.
h3 Qg3 28. Qe2 Rf7 29. Rb3 h6 30. a4 e5 31. a5 e4 32. a6 d4 33. Qa2 Kh7 34. Rb1
Qxe3+ 35. Kh1 Rf6 36. Qc4 d3 37. Qc3 Qe2 38. Rb8 Qf1+ 0-1

[Event "Europa MM w"]
[Site "Leon"]
[Date "2001.11.11"]
[Round "6"]
[White "Nill, J."]
[Black "Lalic, S."]
[Result "0-1"]
[WhiteElo "2264"]
[BlackElo "2351"]
[PlyCount "58"]

1. d4 d5 2. c4 e6 3. Nf3 c5 4. e3 Nf6 5. Nc3 a6 6. Be2 Nc6 7. O-O dxc4 8. Bxc4
b5 9. Bb3 Bb7 10. Qe2 c4 11. Bc2 Be7 12. Rd1 Qc7 13. a3 Na5 14. e4 Nb3 15. Rb1
Nxc1 16. Rbxc1 O-O 17. e5 Nd5 18. Bb1 Nxc3 19. Rxc3 g6 20. Nd2 Rfd8 21. Ne4 Rd7
22. Ng3 Rad8 23. Qe3 Qb6 24. Ne2 Bc5 25. Qh6 Bxd4 26. Nxd4 Rxd4 27. Rf1 Rg4 28.
Rg3 Qd4 29. Qh3 Rh4 0-1

[Event "Europa MM w"]
[Site "Leon"]
[Date "2001.11.11"]
[Round "6"]
[White "Hund, B."]
[Black "Vuji, A."]
[Result "1-0"]
[WhiteElo "2279"]
[BlackElo "2135"]
[PlyCount "49"]

1. e4 c5 2. Nf3 d6 3. d4 cxd4 4. Nxd4 Nf6 5. Nc3 a6 6. f4 Qc7 7. Bd3 g6 8. Nf3
Nc6 9. O-O Bg7 10. Qe1 b5 11. Qh4 b4 12. Nd1 Qb6+ 13. Be3 Qc7 14. Kh1 Ng4 15.
f5 gxf5 16. exf5 h5 17. Bg5 Bf6 18. Bxf6 Nxf6 19. a3 Rb8 20. Ne3 Rg8 21. Rae1
Kd8 22. Bc4 Rg7 23. Nd5 Nxd5 24. Bxd5 Bb7 25. f6 1-0

[Event "Europa MM w"]
[Site "Leon"]
[Date "2001.11.13"]
[Round "7"]
[White "Arakhamia-Grant, K."]
[Black "Kachiani, K."]
[Result "0-1"]
[WhiteElo "2437"]
[BlackElo "2455"]
[PlyCount "128"]

1. e4 c6 2. d4 d5 3. Nd2 dxe4 4. Nxe4 Bf5 5. Ng3 Bg6 6. h4 h6 7. Nf3 Nd7 8. Bd3
Bxd3 9. Qxd3 Qc7 10. Bd2 Ngf6 11. O-O-O e6 12. Qe2 c5 13. Rhe1 O-O-O 14. Ne5
Nb6 15. dxc5 Bxc5 16. Kb1 Na4 17. b3 Nb6 18. c4 Rd4 19. Nf3 Rd7 20. Bc3 Rhd8
21. Rxd7 Rxd7 22. Ne5 Rd8 23. Nd3 Bd4 24. Ba5 Bxf2 25. Nxf2 Qxg3 26. Rc1 Qg6+
27. Kb2 Qxg2 28. c5 Nbd5 29. Bxd8 Kxd8 30. Rc2 Qg3 31. Qb5 Qe5+ 32. Ka3 Ne3 33.
Rd2+ Nfd5 34. Nd1 Nxd1 35. Rxd1 Qc3 36. Qc4 Ke7 37. Qxc3 Nxc3 38. Rc1 Nd5 39.
b4 g5 40. hxg5 hxg5 41. Rg1 Kf6 42. b5 Ke5 43. Rxg5+ f5 44. Kb3 Kd4 45. Rg7
Kxc5 46. Rxb7 f4 47. a4 e5 48. Rxa7 f3 49. Rf7 Nf4 50. Rc7+ Kb6 51. Rc6+ Ka7
52. a5 {#} 52... f2 53. Rc7+ Kb8 54. Rc1 e4 55. b6 Kb7 56. Ka4 Nd5 57. Kb5 Nc3+
58. Kc5 e3 59. Rh1 Ne4+ 60. Kb5 Nd6+ 61. Kc5 e2 62. Rh7+ Kc8 63. Rh8+ Kd7 64.
Rh7+ Ke6 0-1

[Event "Europa MM w"]
[Site "Leon"]
[Date "2001.11.13"]
[Round "7"]
[White "Medic, M."]
[Black "Hund, B."]
[Result "1/2-1/2"]
[WhiteElo "2278"]
[BlackElo "2279"]
[PlyCount "71"]

1. d4 Nf6 2. c4 e6 3. Nc3 Bb4 4. Qc2 O-O 5. a3 Bxc3+ 6. Qxc3 b6 7. Nf3 Bb7 8.
g3 d5 9. Bg2 dxc4 10. Qxc4 Bd5 11. Qd3 Nbd7 12. Bg5 Rc8 13. O-O c5 14. Rac1
cxd4 15. Rxc8 Qxc8 16. Rc1 Qb7 17. Bxf6 Nxf6 18. Qxd4 Rc8 19. Rxc8+ Qxc8 20.
Qf4 h6 21. Ne1 Bxg2 22. Kxg2 Qd7 23. Nd3 Qc6+ 24. Qf3 Qxf3+ 25. Kxf3 Nd7 26.
Ke4 Kf8 27. Nb4 Nb8 28. Kd4 Ke7 29. e4 Kd7 30. Kc4 a6 31. Nd3 Kd6 32. e5+ Kc6
33. f4 Nd7 34. Nb4+ Kb7 35. Nd3 Kc6 36. Nb4+ 1/2-1/2

[Event "Europa MM w"]
[Site "Leon"]
[Date "2001.11.13"]
[Round "7"]
[White "Ramseier, J."]
[Black "Macek, V."]
[Result "0-1"]
[WhiteElo "2181"]
[BlackElo "2237"]
[PlyCount "100"]

1. d4 d5 2. c4 c6 3. cxd5 cxd5 4. Nf3 Nf6 5. Nc3 a6 6. e3 e6 7. Ne5 Be7 8. Bd3
O-O 9. O-O b5 10. f4 Bb7 11. Rf3 b4 12. Ne2 Ne4 13. f5 f6 14. Ng4 exf5 15. Nf2
Qd7 16. Nh1 g6 17. h4 Nc6 18. Qf1 Nd8 19. h5 Ne6 20. Rh3 Bd6 21. g3 Ng7 22.
hxg6 hxg6 23. Nf4 Kf7 24. Qg2 Rh8 25. Nf2 Qc8 26. Rxh8 Qxh8 27. g4 Qh6 28. gxf5
gxf5 29. Qh3 Qxh3 30. N2xh3 Ne6 31. Nxe6 Kxe6 32. Nf4+ Bxf4 33. exf4 a5 34. Be3
Ba6 35. Bxe4 fxe4 36. Rc1 Bc4 37. a3 bxa3 38. bxa3 Rb8 39. Bd2 a4 40. Kf2 Kf5
41. Rc3 Rb1 42. Rc1 Rb3 43. Rc3 Rxc3 44. Bxc3 Kxf4 45. Bd2+ Kg4 46. Bh6 f5 47.
Bg7 f4 48. Bh6 e3+ 49. Ke1 Kf3 50. Bg5 Ke4 0-1

[Event "Europa MM w"]
[Site "Leon"]
[Date "2001.11.14"]
[Round "8"]
[White "Milligan, H."]
[Black "Hund, B."]
[Result "1/2-1/2"]
[WhiteElo "2117"]
[BlackElo "2279"]
[PlyCount "101"]

1. e4 e5 2. Nf3 Nc6 3. d4 exd4 4. Nxd4 Nf6 5. Nxc6 bxc6 6. e5 Qe7 7. Qe2 Nd5 8.
c4 Nb6 9. Nd2 Ba6 10. b3 O-O-O 11. Bb2 d5 12. Qg4+ Qe6 13. Be2 Qxg4 14. Bxg4+
Kb7 15. Be2 Bb4 16. O-O-O Rhe8 17. Bf3 dxc4 18. Ne4 cxb3 19. axb3 Bd3 20. h4 a5
21. Ng5 Bf5 22. g4 Be6 23. Nxe6 fxe6 24. Be4 h6 25. Bd4 Nd5 26. f3 c5 27. Bb2
Kb6 28. g5 a4 29. bxa4 c4 30. Bd4+ c5 31. Bf2 Nc3 32. Rd6+ Rxd6 33. exd6 Rd8
34. gxh6 gxh6 35. Be3 Rxd6 36. Bxh6 Ka5 37. Kc2 Nxe4 38. fxe4 Rd4 39. e5 Re4
40. Rh2 Be1 41. Bd2+ Bxd2 42. Kxd2 Rxe5 43. Kc3 Rh5 44. Kxc4 Kb6 45. Rb2+ Kc6
46. Rh2 e5 47. a5 e4 48. Rg2 Rxh4 49. Rg6+ Kb7 50. Kxc5 Rh5+ 51. Kd4 1/2-1/2

[Event "Europa MM w"]
[Site "Leon"]
[Date "2001.11.14"]
[Round "8"]
[White "Ramseier, J."]
[Black "Wilman, C."]
[Result "1-0"]
[WhiteElo "2181"]
[BlackElo "2044"]
[PlyCount "69"]

1. d4 Nf6 2. Nf3 g6 3. g3 Bg7 4. Bg2 O-O 5. O-O d6 6. b3 c5 7. c4 Ne4 8. Bb2
Nd7 9. Nbd2 Nxd2 10. Qxd2 Rb8 11. Rad1 Qc7 12. dxc5 Nxc5 13. Bxg7 Kxg7 14. Qd4+
Kg8 15. h4 h5 16. Qe3 Kg7 17. Nd4 a6 18. Rd2 Ne6 19. Nf3 b5 20. Rc1 bxc4 21.
Rxc4 Qa5 22. Rdc2 Bd7 23. Bh3 f5 24. Ng5 Nxg5 25. Qxe7+ Rf7 26. Qxg5 Bb5 27.
Rd4 Qb6 28. Qf4 Rd8 29. Bg2 Re7 30. Bf3 Be8 31. Rcd2 Re6 32. Qg5 Rf6 33. Qe3
Bf7 34. Qc3 Bg8 35. Rb4 1-0

[Event "Europa MM w"]
[Site "Leon"]
[Date "2001.11.14"]
[Round "9"]
[White "Hund, B."]
[Black "Koskoska, G."]
[Result "1-0"]
[WhiteElo "2279"]
[BlackElo "2216"]
[PlyCount "75"]

1. e4 d5 2. exd5 Qxd5 3. Nc3 Qd8 4. d4 Nf6 5. Bc4 c6 6. Nf3 Bf5 7. Ne5 e6 8. g4
Bg6 9. a3 Nbd7 10. Qe2 Nxe5 11. dxe5 Nd5 12. Nxd5 exd5 13. Bd3 Bxd3 14. Qxd3
Qd7 15. Qe2 Bc5 16. Bd2 O-O-O 17. Bb4 Bxb4+ 18. axb4 Rhe8 19. Rxa7 Kb8 20. Ra3
Qe7 21. O-O Qxb4 22. f4 g5 23. Qf2 d4 24. fxg5 Rxe5 25. Qg3 Qc5 26. Kg2 Qxc2+
27. Kh3 Rdd5 28. Rxf7 Qxb2 29. Rxh7 Qc1 30. Rb3 b5 31. Rf3 Qc5 32. g6 Kc8 33.
g7 Rd8 34. Rh8 Ree8 35. Rxe8 Rxe8 36. Rf7 Qb6 37. Qd6 Rd8 38. Rf8 1-0